000 00434nam a2200169Ia 4500
001 32644
003 IN-NITTTR
005 20251114233435.0
008 251113s9999||||xx |||||||||||||| ||eng||
040 _beng
040 _cIN-NITTTR
041 _aeng
082 _aTA355
100 _aBartecki, Krzysztof.
245 0 _aModeling and Analysis of Linear Hyperbolic Systems of Balance Laws /
_cBartecki, Krzysztof.
942 _2ddc
_cBK
999 _c35484
_d35484